100 Largest US Cities - D - Statistics

General Stats
  • This quiz has been taken 376 times
  • The average score is 33 of 100
Answer Stats
Rank Population City % Correct
90 14,715 Dallas, GA
97%
77 17,649 Dallas, OR
97%
1 1,347,120 Dallas, TX
97%
2 749,103 Denver, CO
96%
3 664,139 Detroit, MI
91%
7 140,343 Dayton, OH
79%
5 210,723 Des Moines, IA
74%
49 32,544 Des Moines, WA
74%
4 287,865 Durham, NC
73%
39 38,482 Dover, DE
71%
47 33,129 Dover, NH
71%
78 17,331 Dover, NJ
71%
98 12,683 Dover, OH
71%
6 147,993 Denton, TX
64%
11 100,934 Davenport, IA
63%
19 70,140 Daytona Beach, FL
63%
51 29,809 Duluth, GA
63%
14 85,142 Duluth, MN
63%
22 69,799 Davis, CA
50%
13 93,038 Dearborn, MI
50%
9 106,656 Davie, FL
46%
29 54,607 Decatur, AL
45%
58 25,772 Decatur, GA
45%
21 69,966 Decatur, IL
45%
23 67,632 Dublin, CA
42%
85 16,107 Dublin, GA
42%
31 49,923 Dublin, OH
42%
15 84,732 Danbury, CT
40%
95 13,404 Davidson, NC
40%
35 44,164 Danville, CA
39%
52 29,657 Danville, IL
39%
80 16,717 Danville, KY
39%
38 38,834 Danville, VA
39%
45 33,921 Dalton, GA
38%
10 105,102 Daly City, CA
38%
12 94,835 Deltona, FL
38%
99 12,213 Derby, CT
38%
59 25,413 Derby, KS
38%
8 109,548 Downey, CA
38%
76 18,456 Deerfield, IL
36%
91 14,655 Destin, FL
35%
81 16,715 Douglas, AZ
35%
100 11,889 Douglas, GA
35%
25 57,696 Dubuque, IA
35%
36 43,995 Delaware, OH
31%
56 26,678 Dodge City, KS
30%
18 70,149 Dothan, AL
29%
24 58,989 Des Plaines, IL
28%
75 18,953 Durango, CO
26%
72 21,138 Dixon, CA
25%
88 14,927 Dixon, IL
25%
64 22,310 Duncan, OK
25%
67 21,817 Derry, NH
24%
16 81,866 Deerfield Beach, FL
23%
83 16,220 Donna, TX
23%
27 54,877 Delano, CA
21%
63 24,007 Dickinson, ND
21%
70 21,573 Dickinson, TX
21%
20 70,001 Delray Beach, FL
20%
30 52,456 DeSoto, TX
20%
17 75,699 Doral, FL
20%
54 27,599 Daphne, AL
19%
28 54,805 Dearborn Heights, MI
19%
37 43,143 DeKalb, IL
19%
48 32,710 Deer Park, TX
18%
86 15,968 Dyer, IN
18%
43 35,668 Del Rio, TX
17%
34 48,525 Downers Grove, IL
17%
68 21,742 Darien, CT
16%
71 21,304 Darien, IL
16%
42 36,575 Dunedin, FL
16%
55 27,586 Danvers, MA
15%
41 37,775 DeLand, FL
14%
87 15,573 Dickson, TN
14%
40 37,817 Duncanville, TX
14%
57 26,425 Denison, TX
13%
44 34,918 Douglasville, GA
13%
32 49,495 Draper, UT
13%
33 48,992 Dunwoody, GA
13%
84 16,108 Dyersburg, TN
13%
60 25,283 Dedham, MA
10%
93 13,644 Deming, NM
10%
26 54,948 Diamond Bar, CA
10%
79 17,324 Dumont, NJ
10%
74 19,711 Durant, OK
10%
46 33,473 Dana Point, CA
9%
73 20,905 Duarte, CA
9%
94 13,543 Dumas, TX
9%
82 16,596 Defiance, OH
8%
69 21,666 Del City, OK
8%
65 22,006 Dolton, IL
8%
50 32,417 Dania Beach, FL
7%
62 24,888 De Pere, WI
7%
96 13,246 Dardenne Prairie, MO
6%
53 29,004 Desert Hot Springs, CA
6%
61 24,911 Dinuba, CA
6%
89 14,907 Depew, NY
5%
66 21,829 DeBary, FL
3%
92 14,640 D'Iberville, MS
3%
97 12,830 Dunmore, PA
3%
No matching quizzes found
Score Distribution
Percent of People with Each Score
Percentile by Number Answered
Your Score History
You have not taken this quiz